Law dictionary containing definition of the terms and phrases of the terms and phrases of American and english jurisprudence,ancient and modern. (Record no. 892538)

MARC details
000 -LEADER
fixed length control field 00697nam a2200241Ia 4500
003 - CONTROL NUMBER IDENTIFIER
control field OSt
005 - DATE AND TIME OF LATEST TRANSACTION
control field 20220930190520.0
008 - FIXED-LENGTH DATA ELEMENTS--GENERAL INFORMATION
fixed length control field 220926b |||||||| |||| 00| 0 eng d
037 ## - SOURCE OF ACQUISITION
Terms of availability Dictionary
040 ## - CATALOGING SOURCE
Original cataloging agency CRL
Transcribing agency CRL
Language of cataloging eng
041 ## - LANGUAGE CODE
Source of code eng
Language code of text/sound track or separate title eng
100 ## - MAIN ENTRY--PERSONAL NAME
Personal name Black Henry Campbell
9 (RLIN) 479802
245 #0 - TITLE STATEMENT
Title Law dictionary containing definition of the terms and phrases of the terms and phrases of American and english jurisprudence,ancient and modern.
250 ## - EDITION STATEMENT
Edition statement 3rd
260 ## - PUBLICATION, DISTRIBUTION, ETC.
Date of publication, distribution, etc. 1963
650 ## - SUBJECT ADDED ENTRY--TOPICAL TERM
Topical term or geographic name entry element LAW
942 ## - ADDED ENTRY ELEMENTS (KOHA)
Classification part Zk, K31
Koha item type Dictionary
Source of classification or shelving scheme Colon Classification (CC)

No items available.

Copyright @ Delhi University Library System